banner koha

Comportamento meiótico e estimativa da viabilidade polínica de acessos de Sambucus australis (ADOXACEAE) (Registro n. 301092)

MARC details
000 -LÍDER
fixed length control field 05053nab a2200325 i 4500
003 - CÓDIGO MARC DA AGÊNCIA CATALOGADORA
Campo de controle BR-BrBNA
005 - DATA E HORA DA ÚLTIMA ATUALIZAÇÃO
Campo de controle 20240902143701.0
008 - CAMPO DE TAMANHO FIXO
fixed length control field 240902b2019 bl.qr|pooa||| 00| 0 por |
040 ## - FONTE DA CATALOGAÇÃO
Agência catalogadora BR-BrBNA
Idioma da catalogação por
072 ## - CATEGORIA AGRIS
Código AGRIS F30
072 ## - CATEGORIA AGRIS
Código AGRIS F63
100 ## - ENTRADA PRINCIPAL - NOME PESSOAL
Nome pessoal Tedesco, Marília
100 ## - ENTRADA PRINCIPAL - NOME PESSOAL
Nome pessoal Kuhn, Andrielle Wouters
100 ## - ENTRADA PRINCIPAL - NOME PESSOAL
Nome pessoal Frescura, Viviane Dal-Souto
100 ## - ENTRADA PRINCIPAL - NOME PESSOAL
Nome pessoal Tedesco, Solange Bosio
100 ## - ENTRADA PRINCIPAL - NOME PESSOAL
Nome pessoal Silva, Antonio Carlos Ferreira da
245 ## - TÍTULO PRINCIPAL
Título principal Comportamento meiótico e estimativa da viabilidade polínica de acessos de Sambucus australis (ADOXACEAE)
500 ## - NOTA GERAL
Nota geral Publicação on-line; 32 ref.; 3 tables; 3 illus.; Summaries (En, Pt)
942 ## - ADDED ENTRY ELEMENTS (KOHA)
Koha item type
520 ## - NOTA DE RESUMO
Nota de conteúdo <br/><br/>RESUMO: <br/><br/>Sambucus australis, conhecida popularmente como sabugueiro, é uma planta<br/>utilizada na medicina alternativa por suas ações diaforética, anti-inflamatória e analgésica. Para<br/>potencializar a utilização desta espécie medicinal nativa e também fornecer a caracterização<br/>citogenética que auxilie, posteriormente, programas de preservação e melhoramento genético,<br/>o objetivo deste estudo foi caracterizar o comportamento meiótico, bem como estimar a<br/>viabilidade polínica de diferentes acessos de S. australis do Rio Grande do Sul através de<br/>distintos corantes. Para isso, os botões florais de 15 acessos foram coletados, fixados em<br/>etanol:ácido acético (3:1) e conservados em etanol 70% até o uso. As lâminas foram preparadas<br/>pela técnica de esmagamento das anteras. Para a análise meiótica foi utilizado o corante<br/>orceína acética 2%, sendo analisadas todas as fases e determinado o índice meiótico. Para a<br/>estimativa da viabilidade polínica foram utilizados três corantes: reativo de Alexander, orceína<br/>acética 2% e carmim acético 2%. Os dados foram analisados pelo teste de Scott-Knott ao<br/>nível de 5% de significância. Nos 12 acessos analisados a meiose foi regular, apresentando<br/>associações cromossômicas preferencialmente em bivalentes, encontrando-se n = 19 e os<br/>valores de índice meiótico foram superiores a 90%. Quanto à viabilidade polínica, a maioria<br/>dos acessos apresentou uma alta porcentagem de polens viáveis (acima de 75%), exceto o<br/>acesso ERE01 (44%). Na comparação entre os corantes, o reativo de Alexander foi considerado<br/>o mais indicado para estimar a viabilidade polínica da espécie. Assim, pode-se concluir que os<br/>acessos de S. australis estudados possuem comportamento meiótico regular, número gamético<br/>n = 19 cromossomos, altos valores de índice meiótico e alta porcentagem de polens viáveis.<br/><br/>Palavras-chave: sabugueiro, citogenética, meiose, grãos de pólen, corantes
520 ## - NOTA DE RESUMO
Nota de conteúdo <br/><br/>ABSTRACT: <br/><br/>Meiotic behavior and estimative pollen viability of accesses of Sambucus<br/>australis (ADOXACEAE). Sambucus australis, popularly known as “sabugueiro”, is a plant used<br/>in alternative medicine for its diaphoretic, anti-inflammatory and analgesic actions. To encourage<br/>the use of this medicinal species native and also enable cytogenetic characterization to assist<br/>subsequently preservation programs and genetic improvement, the objective of this study was to<br/>characterize the meiotic behavior and to estimate the pollen viability of different accesses of S.<br/>australis from Rio Grande do Sul by different stains. To this end, the floral buds of 15 accesses<br/>were collected, fixed in ethanol:acetic acid (3:1) and stored in 70% ethanol until use. Slides<br/>were prepared using the squashing technique of the anthers. For meiotic analysis, 2% aceticorcein <br/>staining was used, where all phases were analyzed and the meiotic index determined.<br/>Three stains were used to estimate pollen viability: Alexander´s reaction, 2% acetic-orcein, and<br/>2% acetic-carmine. Data were analyzed by the Scott-Knott test at 5% significance level. In the<br/>12 accesses analyzed, meiosis was regular, exhibiting chromosome associations preferably in<br/>bivalents, finding n = 19 while meiotic index values exceeded 90%. Regarding pollen viability,<br/>the majority of the accesses had a high percentage of viable pollens (over 75%), except for<br/>the ERE01 access (44%). On the staining comparison, Alexander´s reaction proved the most<br/>suitable method for estimating the pollen viability of the specie. Therefore, it can be concluded<br/>that the accesses of S. australis studied exhibited regular meiotic behavior, gametic number n<br/>= 19 chromosomes, high meiotic index values and a high percentage of viable pollens.<br/><br/>Key words: sabugueiro, citogenetic, meiosis, pollen grains, stains.
650 ## - ASSUNTO - THESAGRO
Cabeçalho tópico ou nome geográfico SABUGUEIRO
650 ## - ASSUNTO - THESAGRO
Cabeçalho tópico ou nome geográfico CITOGENÉTICA
650 ## - ASSUNTO - THESAGRO
Cabeçalho tópico ou nome geográfico MEIOSE
650 ## - ASSUNTO - THESAGRO
Cabeçalho tópico ou nome geográfico PÓLEN
650 ## - ASSUNTO - THESAGRO
Cabeçalho tópico ou nome geográfico CORANTE
773 0# - ENTRADA ANALÍTICA
Host Biblionumber 3543
Registro do item 317736
Imprenta Botucatu-SP Instituto de Biociências - Departamento de Química e Bioquímica 1998
Outro identificador 2024-4451
Título Revista Brasileira de Plantas Medicinais (Brazil)
ISSN 1516-0572
Colação v. 21(1) p. 8-16; (2019)
Número de controle de registro BR2024002561
856 ## - ACESSO E ENDEREÇO ELETRÔNICO
Identificador uniforme de recurso - URI http://www.sbpmed.org.br/admin/files/papers/file_Z2nzTc9TwVd7.pdf

Nenhum exemplar disponível.

BINAGRI

Telefone: (61)3218-2567/2388/3357/2097 - binagri@agro.gov.br

Ministério da Agricultura e Pecuária , Esplanada dos Ministérios, Bloco D, Anexo B, Brasília/DF, CEP: 70.043-900